000 00881nmm a2200313 a 4500
003 AR-BaBNM
005 20251128211458.0
008 234020s2003 ||||||||||||||000 | spa||
020 _a950-892-150-1
040 _cAR-BaBNM
100 1 _aRoffé, Marcelo
245 1 0 _aMi hijo el campeón
_blas presiones de los padres y el entorno
250 _a2ª ed.
260 _aBuenos Aires
_bLugar Editorial
_c2003
300 0 _a112 p.
_bil., fot.
504 _aContiene referencias bibliográficas en p. 110
650 4 _aDIFERENCIAS INDIVIDUALES
650 4 _aPSICOLOGIA DEL DEPORTE
650 4 _aRELACION PADRES-HIJOS
650 4 _aRELACION PADRES-DOCENTE
650 4 _aDEPORTE
650 4 _aEXITO
650 4 _aPROYECCION [PSICOLOGIA]
650 4 _aROL DE LOS PADRES
700 1 _aFenili, Alfredo
700 1 _aGiscafre, Nelly
942 _cBK
998 _cEugenia
999 _c19821
_d19821